県歌・県都市歌の「山」「川」「湖沼」 - Statistics

General Stats
  • This quiz has been taken 81 times
  • The average score is 45 of 90
Answer Stats
曲名 山・川・湖沼 概要 % Correct
神奈川県民歌光あらたに 富士山 標高3776m。独立成層火山。 山梨県・静岡県。
85%
山梨県の歌 富士山 標高3776m。独立成層火山。 山梨県・静岡県。
85%
甲府市の歌 富士山 標高3776m。独立成層火山。 山梨県・静岡県。
85%
静岡県歌 富士山 標高3776m。独立成層火山。 山梨県・静岡県。
85%
山形県民歌最上川 最上川 長さ229km、流域7040平方km。山形県米沢市から酒田市。
80%
北上川 長さ249km、流域10150平方km。岩手県岩手町から宮城県石巻市。
79%
熊本県民の歌 阿蘇山 標高1592m。複成火山。熊本県阿蘇市。
79%
熊本市歌 阿蘇山 標高1592m。複成火山。熊本県阿蘇市・高森町など。
79%
球磨川 長さ115km、流域1880平方km。熊本県水上村から八代市。
77%
鹿児島県民の歌 桜島 標高1117m。成層火山島。鹿児島県鹿児島市。
77%
鹿児島市民の歌 桜島 標高1117m。成層火山島。鹿児島県鹿児島市。
77%
田沢湖 面積25.8平方km、最大水深423.4m。カルデラ・淡水湖。
秋田県仙北市。
74%
利根川 長さ322km、流域16840平方km。群馬県みなかみ町から 茨城県神栖市・千葉県銚子市。
74%
利根川 長さ322km、流域16840平方km。群馬県みなかみ町から 茨城県神栖市・千葉県銚子市。
74%
利根川 長さ322km、流域16840平方km。群馬県みなかみ町から 茨城県神栖市・千葉県銚子市。
74%
千葉県民歌 利根川 長さ322km、流域16840平方km。群馬県みなかみ町から 茨城県神栖市・千葉県銚子市。
74%
木曽川 長さ229km、流域5275平方km。長野県木祖村から 岐阜県美濃加茂市・可児市。
74%
愛知県民歌 われらが愛知 木曽山脈 最高標高2956m。隆起山脈。中央アルプス。 長野県・岐阜県・愛知県。
74%
琵琶湖 面積669.3平方km、最大水深103.6m。淀川水系の構造湖。 滋賀県高島市・米原市・彦根市など。
73%
鳥取県民の歌わきあがる力 大山 標高1729m。独立成層火山。伯耆富士。 鳥取県大山町・琴浦町など。
73%
十和田湖 面積61.1平方km、最大水深326.8m。カルデラ・淡水湖。
青森県・秋田県。
71%
千曲川 長さ367km、流域11900平方km。長野県川上村から新潟県新潟市。 うち長野県内の呼称。
70%
長崎県民歌南の風 雲仙岳 標高1483m。島原半島の成層火山。 長崎県島原市・南島原市など。
70%
阿武隈川 長さ239km、流域5390平方km。福島県西郷村から宮城県岩沼市。
67%
新潟市歌 信濃川 長さ367km、流域11900平方km。長野県川上村から新潟県新潟市。
67%
諏訪湖 面積12.8平方km、最大水深7.2m。断層湖。長野県岡谷市など。
67%
松江市の歌 宍道湖 面積79.3平方km、最大水深6.4m。海跡・汽水湖。 島根県松江市・出雲市。
67%
盛岡市民歌 岩手山 標高2038m。奥羽山脈の成層火山。南部富士。 岩手県八幡平市・滝沢市など。
65%
天竜川 長さ213km、流域5090平方km。諏訪湖から 静岡県浜松市・磐田市。
65%
奈良県民の歌 吉野山 標高455m。 紀伊山地の山。奈良県吉野町。
65%
吉野川 長さ194km、流域3750平方km。高知県いの町から徳島県徳島市。
65%
四国三郎(吉野川) 長さ194km、流域3750平方km。高知県いの町から徳島県徳島市。
65%
群馬県の歌 赤城山 標高1828m。独立複成火山。 茨城県前橋市・桐生市・渋川市など。
64%
赤城山 標高1828m。独立複成火山。 茨城県前橋市・桐生市・渋川市など。
64%
石川県民の歌 白山 標高2702m。両白山地の成層火山。 石川県・岐阜県。
64%
金沢市民の歌 白山 標高2702m。両白山地の成層火山。 石川県・岐阜県。
64%
浅間山 標高2568m。浅間山系の成層火山。 長野県・群馬県。
64%
那珂川 長さ150km、流域3270平方km。栃木県那須町から 茨城県ひたちなか市・大洗町。
62%
岐阜市民の歌 長良川 長さ213km、流域5090平方km。岐阜県郡上市から 三重県桑名市・愛知県愛西市。
62%
山口県民の歌 秋吉台 標高402m。カルスト台地。山口県美祢市。
62%
荒川 長さ170km、流域2940平方km。埼玉県秩父市から 東京都江東区・江戸川区。
61%
秋田県民歌 鳥海山 標高2236m。出羽山脈の活火山。出羽富士。 秋田県・山形県。
59%
茨城県民の歌 筑波山 標高877m。八溝山地の残丘。 茨城県石岡市・桜川市など。
59%
水戸市歌 筑波山 標高877m。八溝山地の残丘。 茨城県石岡市・桜川市など。
59%
新潟県民歌 弥彦山 標高634m。弥彦山塊の山。 新潟県長岡市・弥彦村。
58%
妙高山 標高2454m。頸城山塊の成層火山。 新潟県妙高市。
58%
富山県民の歌 立山連峰 最大標高3015m。 飛騨山脈の連山。富山県・岐阜県。
58%
長野県歌信濃の国 御嶽山 標高3067m。独立成層火山。 長野県・岐阜県。
56%
大津市民の歌 比叡山 標高848.3m。比叡山地。都富士。 滋賀県・京都府。
56%
仙台市民歌 青葉山 標高203m。仙台城本丸・東北大学。 宮城県仙台市。
55%
月山 標高2236m。出羽山脈の成層火山。 山形県鶴岡市など。
55%
和歌山市市歌 紀の川 長さ135km、流域1660平方km。奈良県川上村から和歌山県和歌山市。
52%
徳島県民の歌 剣山 標高1955m。四国山地の山。 徳島県三好市・美馬市など。
52%
高野山 最高標高1002m。紀伊山地の台地の総称。 和歌山県高野町。
48%
山形市民の歌 蔵王連峰 最高標高1841m。奥羽山脈の連山。 宮城県・山形県。
47%
県民の歌 (栃木県) 男体山 標高2486m。日光連山の成層火山。 栃木県日光市。
47%
鬼怒川 長さ176.7km、流域1761平方km。栃木県日光市から茨城県守谷市。
47%
京都市歌 加茂川(鴨川) 長さ31km、流域210平方km。淀川水系。京都府京都市。
45%
埼玉県歌 秩父山地 最高標高1841m。関東山地北側の山地。 埼玉県・東京都・山梨県など。
42%
碓氷山 標高956m。 関東山地の山(峠)。長野県・群馬県。
42%
広瀬川 長さ45km、流域411平方km。名取川水系。宮城県仙台市。
38%
乗鞍岳 標高3026m。飛騨山脈の複合火山。 長野県・岐阜県。
35%
駒ヶ岳(木曽駒ヶ岳) 標高2956m。木曽山脈の山。 石川県・岐阜県。
35%
秋田市記念市民歌 旭川 長さ22km、流域223平方km。雄物川水系。宮城県秋田市。
30%
犀川 長さ34.3km、流域256平方km。石川県金沢市。
30%
犀川 長さ152.7km、流域3055平方km。長野県松本市から長野市。
30%
岡山市歌 旭川 長さ142km、流域1810平方km。岡山県真庭市から岡山市。
30%
宮崎市民歌南国の街 宮崎市 大淀川 長さ107km、流域2230平方km。鹿児島県曽於市から宮崎県宮崎市。
29%
三重県民歌 五十鈴川 長さ24km、流域85平方km。宮川水系。三重県伊勢市。
27%
多良岳 標高996m。九州山地の山。佐賀県・長崎県。
26%
白川 長さ74km、流域480平方km。熊本県高森町から熊本市。
26%
白川 長さ74km、流域480平方km。熊本県高森町から熊本市。
26%
宇都宮の歌 八幡山 標高158.9m。宇都宮タワー。塙田八幡宮。 栃木県宇都宮市。
23%
平城山丘陵 最高標高123m。丘陵。ニュータウン。 奈良県・京都府。
23%
金華山 標高329m。独立峰。稲葉山。 岐阜県岐阜市。
21%
福岡県民歌希望の光 英彦山 標高1199m。筑紫山地の山。 大分県・福岡県。
18%
浅野川 長さ29km、流域80平方km。大野川水系。石川県金沢市。
17%
畝傍山 標高198.8m。独立残丘。奈良県橿原市。
17%
徳島市民歌 眉山 標高290m。独立残丘。徳島県徳島市。
17%
中津川 長さ34.5km、流域208平方km。北上川水系。岩手県盛岡市。
14%
滋賀県民の歌 比良山地 最高標高1214m。比叡山地北側の地塁山地。滋賀県。
14%
姨捨山(冠着山) 標高1252m。筑北三山。 長野県千曲市・筑北村。
14%
福島市歌 霊山 標高825m。阿武隈高地の溶岩台地の山。 福島県伊達市・相馬市。
9%
奈良市民の歌 猿沢池 面積0.7平方km。奈良公園内の人造池。 奈良県奈良市。
9%
太平山 標高1170m。出羽山地。 秋田県秋田市・上小阿仁村。
6%
千葉市歌 亥の鼻山 標高20.3m。千葉城。市立郷土博物館。 千葉県千葉市。
6%
前橋市の歌交声曲 赤城嶺に さちの池 面積約0.5平方km。 前橋公園内の県を象った池。 群馬県前橋市。
5%
高知市歌 大高坂山 標高44m。独立残丘。高知城。 高知県高知市。
5%
佐賀県民歌 天山 標高1046m。脊振山地の山。 佐賀県佐賀市・唐津市など。
5%
山口市民の歌 ふるさとの風 十種ヶ峰 標高989m。独立成層火山。 山口県山口市。
3%
No matching quizzes found
Score Distribution
Percent of People with Each Score
Percentile by Number Answered
Your Score History
You have not taken this quiz